| Поле | Название | Значение |
| |
Тип записи |
a |
| |
Библиографический уровень |
m |
| 001 |
Контрольный номер |
e7d80a3244c04b1bb5cf14a5e3e1595c |
| 005 |
Дата корректировки |
20201206204520.5 |
| 010 |
Индекс ISBN |
__ |
| d |
Цена |
1-05 |
| 101 |
Язык документа |
__ |
| a |
Язык текста |
rus |
| c |
Язык оригинала |
rus |
| 200 |
Заглавие и сведения об ответственности |
1_ |
| a |
Заглавие |
Разин Степан |
| e |
Сведения, относящиеся к заглавию |
в 5 т. |
| f |
Первые сведения об ответственности |
А. П. Чапыгин |
| b |
Общее обозначение материала |
Текст |
| 210 |
Выходные данные |
__ |
| a |
Место издания |
Л. |
| c |
Издательство |
Худож. лит. |
| d |
Дата издания |
1968 |
| 215 |
Физическое описание |
__ |
| a |
Объем |
696 с. |
| 461 |
Уровень набора |
__ |
| 1 |
|
2001 |
| a |
|
Собрание сочинений |
| v |
|
Т. 3 |
| 600 |
Персоналии |
__ |
| a |
Персоналии (Фамилия) |
Разин, С. Т. |
| c |
Дополнение к имени |
атаман донской |
| f |
Даты |
ок. 1630-1671 |
| g |
Полное имя |
Степан Тимофеевич |
| 606 |
Тематические рубрики |
__ |
| a |
Основная рубрика |
Художественная литература |
| z |
Хронологическая подрубрика |
20 в. |
| y |
Географическая подрубрика |
Россия |
| 606 |
Тематические рубрики |
__ |
| a |
Основная рубрика |
Русская литература XX в. (произведения) |
| 610 |
Ключевые слова |
__ |
| a |
Ключевые слова |
проза; романы; исторические романы |
| 686 |
Индексы других классификаций |
__ |
| a |
Классификационный индекс |
84(2Рос=Рус)6-4 |
| 700 |
Автор |
_1 |
| a |
Фамилия |
Чапыгин |
| b |
Имя |
А. П. |
| 4 |
Код отношения |
070 |
| 801 |
Источник записи |
_0 |
| a |
Страна |
RU |
| b |
Организация |
Муниципальное бюджетное учреждение культуры "Централизованная библиотечная система" г. Сургут (Центральная городская библиотека им. А. С. Пушкина) |
| g |
Правила каталогизации |
ЦДБ/Кундохова |
| 801 |
Источник записи |
_1 |
| a |
Страна |
RU |
| b |
Организация |
Муниципальное бюджетное учреждение культуры "Централизованная библиотечная система" г. Сургут (Центральная городская библиотека им. А. С. Пушкина) |
| g |
Правила каталогизации |
ЦДБ/Кундохова |
| 852 |
Данные о местонахождении |
__ |
| j |
Шифр хранения |
84(2Рос=Рус)6-4 |
| c |
Каталожный индекс |
84(2Рос=Рус)6-4 |
| i |
Авторский знак |
Ч-19 |
| p |
Инвентарный номер |
2802(д) |
| 901 |
Тип документа |
__ |
| t |
Тип документа |
m |
| 903 |
Характеристики (МАРС) |
__ |
| a |
Дата передачи |
20070613 |
| 990 |
Данные о заказе (DOS) |
__ |
| j |
Количество экземпляров (DOS) |
1 |
| t |
N записи в КСУ для И/У (DOS) |
ретр |